| 000 | 00895nam a2200253 a 4500 | ||
|---|---|---|---|
| 001 | 000012483 | ||
| 005 | 20240530073914.0 | ||
| 008 | 091113s2006 dr 000 f spa d | ||
| 020 | _a9993479020 | ||
| 040 |
_aDO-SdBNP _bspa _cBNPHU |
||
| 082 |
_aRD863.44 _bG934f, 2006 |
||
| 100 | 1 |
_aGuerrero, Celio, _d1951- _921066 |
|
| 245 | 1 | 0 |
_aFortuito / _cCelio Guerrero ; prólogo Yvelisse Prats-Ramírez de Pérez. |
| 250 | _a2a ed. | ||
| 260 |
_aSanto Domingo : _bBúho, _c2006. |
||
| 300 |
_a155 p. ; _c22 cm. |
||
| 500 | _aIncluye datos biográficos del autor en la solapa de la cubierta | ||
| 590 | _aLa biblioteca posee 2 ejmplares autografiados por el autor | ||
| 590 | _aInventariado, 2019/BT | ||
| 650 | 0 |
_aNovela dominicana _9223 |
|
| 650 | 0 |
_aLiteratura dominicana. _967 |
|
| 700 | 1 |
_aPrats-Ramírez de Pérez, Yvelisse _epról. _925177 |
|
| 910 | _aValidado. Control de calidad MMOLINA | ||
| 999 |
_c12139 _d12139 |
||